| 000 | 01711nam a2200469 i 4500 | ||
|---|---|---|---|
| 001 | 4635 | ||
| 003 | KOSZ 005 | ||
| 005 | 20200513144935.0 | ||
| 008 | 200513s1991 pl f 000 0 pol | ||
| 015 | _aUWD 1991/11355 | ||
| 035 | _a991002023599705066 | ||
| 035 | _a(PL-WaBN)b10564573-48omnis_nlop | ||
| 035 | _ab10564573 | ||
| 035 | _a(OCoLC)830075575 | ||
| 035 | _a(PL)b0000001056457 | ||
| 035 | _a(EXLNZ-48OMNIS_NETWORK)9910403989905606 | ||
| 040 |
_aWA N _cWA N _dKOSZ 005/AR |
||
| 046 | _k1991 | ||
| 080 | _a004.438 | ||
| 080 | _a(075.8) | ||
| 100 | 1 |
_aBielecki, Jan _d(1942-2001) _eAutor |
|
| 245 | 1 | 0 |
_aBiblioteki języka MODULA-2 / _cJan Bielecki. |
| 260 |
_aWarszawa : _bWydawnictwa Politechniki Warszawskiej, _c1991. |
||
| 300 |
_a45 stron ; _c24 cm. |
||
| 336 |
_aTekst _btxt _2rdacontent |
||
| 337 |
_aBez urządzenia pośredniczącego _bn _2rdamedia |
||
| 338 |
_aWolumin _bnc _2rdacarrier |
||
| 380 | _aKsiążki | ||
| 388 | _a1901-2000 | ||
| 388 | _a1989-2000 | ||
| 490 | 1 | _aSkrypty WPW dla Kierunku Informatyka | |
| 521 | _aSkrypt przygotowano do wykorzystania podczas zajęć laboratoryjnych z przedmiotu "programowanie maszyn cyfrowych" na semestrze V kierunku Informatyka. | ||
| 650 | 7 |
_aMODULA 2 _2DBN |
|
| 650 | 7 |
_aJęzyki programowania _2DBN |
|
| 655 | 7 |
_aPodręczniki akademickie _2DBN |
|
| 658 | _aInformatyka i technologie informacyjne | ||
| 710 | 2 |
_4pbl _aOficyna Wydawnicza Politechniki Warszawskiej |
|
| 830 | 0 | _aSkrypty WPW dla Kierunku Informatyka | |
| 856 |
_uhttp://koha.tu.koszalin.pl/cgi-bin/koha/opac-detail.pl?biblionumber=4635 _yKatalog online BPK |
||
| 942 |
_2UKD _cKS |
||
| 999 |
_c4635 _d4635 |
||